Effect of seeding rates on grain yield and other agronomic traits in direct seed in of a rice variety kang soay; ឥទ្ធិពលនៃកម្រិតគ្រាប់ពូជទៅលើទិន្នផល និងលក្ខណៈដទៃទៀតនៃពូជស្រូវកងសោយ (Record no. 11544)

000 -LEADER
fixed length control field 00624nam a22001337a 4500
040 ## - CATALOGING SOURCE
Transcribing agency RUA
082 ## - DEWEY DECIMAL CLASSIFICATION NUMBER
Classification number AGR SDO 2015 B556 Or.1
100 ## - MAIN ENTRY--AUTHOR NAME
Personal name SDOK KIMLY; ស្តុក គឹមលី
245 ## - TITLE STATEMENT
Title Effect of seeding rates on grain yield and other agronomic traits in direct seed in of a rice variety kang soay; ឥទ្ធិពលនៃកម្រិតគ្រាប់ពូជទៅលើទិន្នផល និងលក្ខណៈដទៃទៀតនៃពូជស្រូវកងសោយ
260 ## - PUBLICATION, DISTRIBUTION, ETC. (IMPRINT)
Place of publication Phnom Penh
Name of publisher RUA
Year of publication 2015
300 ## - PHYSICAL DESCRIPTION
Number of Pages xi; 43p;
Other physical details ill;
Dimensions 29cm;
856 ## - ELECTRONIC LOCATION AND ACCESS
Uniform Resource Identifier SDOK KIMLY
942 ## - ADDED ENTRY ELEMENTS (KOHA)
Koha item type AGR
952 ## - LOCATION AND ITEM INFORMATION (KOHA)
Withdrawn status [LOCAL, KOHA] 0
952 ## - LOCATION AND ITEM INFORMATION (KOHA)
Withdrawn status [LOCAL, KOHA] 0
952 ## - LOCATION AND ITEM INFORMATION (KOHA)
Withdrawn status [LOCAL, KOHA] 0
952 ## - LOCATION AND ITEM INFORMATION (KOHA)
Withdrawn status [LOCAL, KOHA] 0
952 ## - LOCATION AND ITEM INFORMATION (KOHA)
Withdrawn status [LOCAL, KOHA] 0
952 ## - LOCATION AND ITEM INFORMATION (KOHA)
Withdrawn status [LOCAL, KOHA] 0
952 ## - LOCATION AND ITEM INFORMATION (KOHA)
Withdrawn status [LOCAL, KOHA] 0
952 ## - LOCATION AND ITEM INFORMATION (KOHA)
Withdrawn status [LOCAL, KOHA] 0
Holdings
Permanent Location Date acquired Koha item type Lost status Shelving location Barcode Current Location Full call number
Library Block B2017-08-03AGR B556A12952Library Block BAGR SDO 2015 B556 Or.1
Library Block B2017-08-03AGR B556A13212Library Block BAGR SDO 2015 B556 Or.2
Library Block B2017-08-03AGR B556A12039Library Block BAGR SDO 2015 B556 Or.3
Library Block B2017-08-03AGR B556A13328Library Block BAGR SDO 2015 B556 Or.4
Library Block B2017-08-03AGR B556A11632Library Block BAGR SDO 2015 B556 Or.5
Library Block B2017-08-03AGR B556A11388Library Block BAGR SDO 2015 B556 Or.6
Library Block B2017-08-03AGR B556A12989Library Block BAGR SDO 2015 B556 Or.7
Library Block B2017-08-03AGR B556A13248Library Block BAGR SDO 2015 B556 Or.8
មជ្ឈមណ្ឌលឯការនៃសាកលវិទ្យាល័យភូមិន្ទកសិកម្មចំការដូង

Powered by Koha